| 000 | 01990nam a2200349 4500 | ||
|---|---|---|---|
| 001 | 113834 | ||
| 003 | DR-UNIBE | ||
| 005 | 20250708145541.0 | ||
| 008 | 250707b2003 dr ||||| |||| 00| 0 spa d | ||
| 020 | _a8466736425 | ||
| 040 |
_aBIBLIOTECA UNIBE _bspa _cBIBLIOTECA UNIBE _erda |
||
| 041 | _aspa | ||
| 082 |
_222 _aRD 372.7 M425 |
||
| 110 | 1 | 0 |
_aRepública Dominicana. Ministerio de Educación (MINERD) _94431 _eautor |
| 245 | 1 | 0 |
_aMatemática 5 / _cMinisterio de Educación (MINERD) |
| 250 | _aPrimera edición | ||
| 260 |
_aSanto Domingo _bMinisterio de Educación (MINERD) : _bGrupo Anaya, _c2003 |
||
| 300 |
_a221 páginas : _bilustraciones a color ; _c27 x 21 cm |
||
| 490 | _aBásica Anaya | ||
| 505 | _aPresentación | 1. El sistema de numeración decimal | 2. La adición y sustracción | 3. La multiplicación | 4. Las potencias y la raíz cuadrada | 5. La división | 6. La medida del tiempo | 7. Rectas y ángulos | 8. Las fracciones | 9. Los números decimales | 10. Operaciones con decimales | 11. Porcentajes, razones y proporciones | 12. La medida de longitud | 13. Las figuras planas | 14. Triángulos y cuadriláteros 15. Medida de superficies, área de figuras planas | 16. Los cuerpos geométricos | 17. Medidas de capacidad, de peso y de temperatura | 18. La representación de datos | ||
| 650 | 7 |
_2lemb _a Matemática _vLibros de texto _xEnseñanza _xEducación primaria _zRepública Dominicna _9197143 |
|
| 700 | 1 | 0 |
_aLuciano Lopez, Margarita María, _d1950- _918244 _eadaptación curricular |
| 700 | 0 |
_aAlmánzar Rodríguez, Luz _erevisión técnico-pedagógica _924130 |
|
| 700 | 1 | 0 |
_aFerrero, Luis _9197058 _eredactor |
| 700 | 1 | 0 |
_a Gaztelu, Ignacio _9197059 _eredactor |
| 700 | 1 | 0 |
_aMartínez, Leopoldo _9197060 _eredactor |
| 700 | 1 | 0 |
_aMartín, Pablo _etraductor _dredactor _9197065 |
| 700 | 1 | 0 |
_aMancheño, Raquel _eeditor _9197062 |
| 700 | 1 | 0 |
_aVargas, Pilar _eeditor _9197063 |
| 710 | 1 | 0 |
_aGrupo Anaya _9197061 _eilustrador |
| 942 |
_2ddc _cBK |
||
| 999 |
_c113834 _d113834 |
||